000 00342nam a2200133Ia 4500
001 3185
008 241024s9999 xx 000 0 und d
082 _aRD/375.07/V234r
100 _aRosa Vanderhorst
245 0 _aRevisión curricular 2011-2013 (Borrador)
260 _bSanto Domingo
_c2013
901 _a4/9/2013 11:10:52 a.m.
999 _c8426
_d8426